000 00280nam a2200121Ia 4500
008 151001s9999||||xx |||||||||||||| ||und||
100 _a राणू
250 _a1
260 _bहिंद पॉकेट बुक्स
260 _c1976
300 _a187
365 _b16
999 _c959784
_d959781